000 00740cam a2200229 a 4500
001 000000987
003 DO-SdBNP
005 20251030095756.0
008 920928s1991 ve a 000 0 spa
020 _a9800707069
040 _aDO-SdBNP
_bspa
_cBNPHU
082 4 _a338.987
_bH967c
100 1 _aHurtado, Héctor.
_93454
245 1 4 _aLas cosas en su sitio /
_cHéctor Hurtado, F. García Palacios, Eduardo Mayobre.
260 _aCaracas :
_bUnamuno,
_c1991.
300 _a227 p. :
_bil. ;
_c23 cm.
651 0 _aVenezuela
_xPolítica económica
_926230
651 0 _aVenezuela
_xPolítica y gobierno
_926230
700 1 _aGarcía Palacios, F.
_q(Francisco),
_d1944-
_93456
700 1 _aMayobre, Eduardo,
_d1946-
_93457
942 _2ddc
_cLBS1
999 _c971
_d971